000 01359nam a22004337a 4500
001 0011104
003 KOHA_MİRAKIL
005 20260207001805.0
007 ta
008 091201b1991 tu |||gr||||#||||0|tur |
020 _a9757717029
020 _a9789757717027
_c0,01
040 _aTR-BiSEU
_btur
_cTR-BiSEU
_erda
041 0 _atur
044 _ctu
050 _aS597.T38
_bK33 1991
100 1 _aKacar, Burhan.
245 1 _aÇay ve çay topraklarının kimyasal analizleri :
_b1. çay analizleri/
_cBurhan Kacar ; Burhan Kacar.
264 1 _aAnkara :
_bÇay İşletmeleri Genel Müdürlüğü
_c1991
300 _axi, 331 sayfa: şekil, tablo; 24 cm.
336 _ametin
_btxt
_2rdacontent
337 _aaracısız
_bn
_2rdamedia
338 _acilt
_bnc
_2rdacarrier
490 1 _aÇaykur yayını ;
_vno.
490 1 _a14.
650 0 _aÇay--Analiz--Türkiye.
_927043
650 0 _aTea--Analysis--Turkey.
_927044
650 0 _aÇay--Topraklar--Analiz.
_927045
650 0 _aTea--Soils--zTurkey.
_927046
650 0 _aÇay--Ekoloji--Türkiye.
_927047
650 0 _aTea--Ecology--Turkey.
_927048
650 0 _aÇay--Türkiye.
_927049
650 0 _aTea--Turkey.
_927050
650 0 _aÇay ticareti.
_927051
650 0 _aTea trade.
_927052
830 1 _aÇaykur yayını ;
_vno.
_927053
830 1 _a14.
_96445
942 _2lcc
_cBK
999 _c11074
_d11074